1632 1029 1382 1287 1175 1504 1139 1362 1095 1704 1065 1948 1629 1681 1497 1938 1112 1860 1240 1439 1543 1219 1870 1188 1174 1504 1332 1766 1564 1773 1027 1189 1678 1635 1196 1333 1016 1421 1134 1852 1502 1549 1808 1797 1761 1432 1279 1928 1671 1875 1636 1606 1761 1539 1637 1203 1746 1973 1066 1925 1338 1615 1978 1573 1105 1514 1655 1394 1146 1310 1322 1922 1265 1621 1663 1158 1901 1618 1317 1526 1638 1164 1160 1708 1491 1090 1532 1881 1906 1129 1047 1570 1061 1826 1378 1801 1392 1308 1523 BCNSPRNW ULIB Ver.6.0+V

เปลี่ยนเป็นภาษาไทย

Change to English
 แสดงรายละเอียดบรรณานุกรม
  กลับหน้าหลัก

Brief Record : Get Marc (ISO 2709) : E-mail record : QR code < ปิดหน้าต่าง
LEADER : 00000nam 2200000uu 4500
001    13399127100
003     ULIB
008    191010s2562||||th 000 0 tha d
020    ^a9786160444434
060    ^aWS103^bJ-ห
100    ^aJEHYE KO
245    ^aห้าสหายสายนักสืบ ชุดนิทานวิทยาศาสตร์พัฒนาทักษะสมอง EF (เรียนรู้เรื่องประสาทสัมผัสทั้งห้า)
250    ^aพิมพ์ครั้งที่ 1
260    ^aกรุงเทพฯ :^bนานมีบุ๊คส์คิดดี้,^c2562
300    ^a28 หน้า;^b21 ซม.
650    ^aเด็ก^xการเรียนการสอน
945    ^p98^l0^i006288
999    ^aประนอม เกษจรัล
รายการนี้ยังไม่มีแท็ก
คุณยังไม่ได้ล็อกอิน คุณสามารถมีกิจกรรมร่วมกับเว็บไซต์ได้ แต่ต้องล็อกอินก่อน ::
  ล็อกอิน

รายการสื่อสารสนเทศ

ลำดับที่ ประเภท เลขเรียก/บาร์โค้ด สถานที่ สถานะ
1. วิทยาศาสตร์การแพทย์ และสุขภาพ
วิทยาศาสตร์การแพทย์ และสุขภาพ
WS103 J-ห ฉ.1 
  Barcode: 006288
ห้องสมุดวิทยาเขตสวรรค์ประชารักษ์
►หนังสือทั่วไป
บนชั้น

BibComment


ยังไม่เคยถูกคอมเมนท์

คอมเมนท์ทรัพยากรรายการนี้
  คอมเมนท์: ห้าสหายสายนักสืบ..


 Copyright 2026. Bcnsprnw @Library